Countries With The Largest Rail Network - Statistics

General Stats
  • This quiz has been taken 65 times
  • The average score is 9 of 10
Answer Stats
Railway (km) Answer % Correct
66,989 China
100%
228,218 United States
100%
52,131 Canada
97%
65,808 India
97%
85,266 Russia
97%
33,426 Germany
95%
29,817 Brazil
94%
30,013 France
92%
26,704 Mexico
89%
25,023 Argentina
87%
No matching quizzes found
Score Distribution
Percent of People with Each Score
Percentile by Number Answered
Your Score History
You have not taken this quiz